000 00284nam a2200109Ia 4500
008 190914s9999||||xx |||||||||||||| ||und||
100 _aLiker, Meier
245 0 _aToyota Talent Developing Your People The Toyota Way
260 _aIndia
_bS. Chand
_c2003
300 _a146
942 _cBK
999 _c10091
_d10091